00815pam a2200241 a 4500999001700000001000800017005001700025008004100042010001700083020002800100050002200128082001500150100003000165245005800195260004800253300004700301500002500348504006600373600006300439650002900502651002700531942001500558 c27027d27027107010820170207104720.0910506s1992 ctua b 001 0 eng  a 91019375  a0300050437 (alk. paper)00aND237 .B45D6 199100a759.132201 aDoezema, Marianne,d1950-10aGeorge Bellows and urban America /cMarianne Doezema. aNew Haven :bYale University Press,cc1992. aviii, 244 p. :bill. (some col.) ;c27 cm. aErrata slip laid in. aIncludes bibliographical references (p. [229]-239) and index.10aBellows, George,d1882-1925xCriticism and interpretation. 0aCities and towns in art. 0aUnited StatesxIn art. 2lcccBOOKS